దేశాల వ్యక్తులు - పలకలు ఎంచుకోవడం - Statistics

General Stats
  • This quiz has been taken 2 times
  • The average score is 31 of 45
Answer Stats
Question Tile Select % Correct
సంయుక్త రాష్ట్రాలకు చెందిన వ్యక్తులు No
100%
సంయుక్త రాష్ట్రాలకు చెందిన వ్యక్తులు Yes
100%
సంయుక్త రాష్ట్రాలకు చెందిన వ్యక్తులు No
100%
సంయుక్త రాష్ట్రాలకు చెందిన వ్యక్తులు No
100%
సంయుక్త రాష్ట్రాలకు చెందిన వ్యక్తులు Yes
100%
సంయుక్త రాజ్యానికి చెందిన వ్కక్తులు Yes
100%
సంయుక్త రాజ్యానికి చెందిన వ్కక్తులు Yes
100%
సంయుక్త రాజ్యానికి చెందిన వ్కక్తులు Yes
100%
సంయుక్త రాజ్యానికి చెందిన వ్కక్తులు No
100%
సంయుక్త రాజ్యానికి చెందిన వ్కక్తులు No
100%
సంయుక్త రాజ్యానికి చెందిన వ్కక్తులు No
100%
పరాసుదేశానికి (ఫ్రెంచిదేశం) చెందిన వ్యక్తులు Yes
100%
పరాసుదేశానికి (ఫ్రెంచిదేశం) చెందిన వ్యక్తులు No
100%
శర్మణ్యదేశానికి (జెర్మని) చెందిన వ్యక్తులు No
100%
శర్మణ్యదేశానికి (జెర్మని) చెందిన వ్యక్తులు Yes
100%
శర్మణ్యదేశానికి (జెర్మని) చెందిన వ్యక్తులు Yes
100%
శర్మణ్యదేశానికి (జెర్మని) చెందిన వ్యక్తులు No
100%
శర్మణ్యదేశానికి (జెర్మని) చెందిన వ్యక్తులు No
100%
శర్మణ్యదేశానికి (జెర్మని) చెందిన వ్యక్తులు Yes
100%
ఇటలీకి చెందిన వ్యక్తులు Yes
100%
ఇటలీకి చెందిన వ్యక్తులు Yes
100%
ఇటలీకి చెందిన వ్యక్తులు No
100%
ఇటలీకి చెందిన వ్యక్తులు No
100%
సంయుక్త రాష్ట్రాలకు చెందిన వ్యక్తులు Yes
50%
సంయుక్త రాష్ట్రాలకు చెందిన వ్యక్తులు Yes
50%
సంయుక్త రాష్ట్రాలకు చెందిన వ్యక్తులు No
50%
సంయుక్త రాజ్యానికి చెందిన వ్కక్తులు Yes
50%
సంయుక్త రాజ్యానికి చెందిన వ్కక్తులు No
50%
పరాసుదేశానికి (ఫ్రెంచిదేశం) చెందిన వ్యక్తులు Yes
50%
పరాసుదేశానికి (ఫ్రెంచిదేశం) చెందిన వ్యక్తులు Yes
50%
పరాసుదేశానికి (ఫ్రెంచిదేశం) చెందిన వ్యక్తులు Yes
50%
పరాసుదేశానికి (ఫ్రెంచిదేశం) చెందిన వ్యక్తులు No
50%
పరాసుదేశానికి (ఫ్రెంచిదేశం) చెందిన వ్యక్తులు No
50%
పరాసుదేశానికి (ఫ్రెంచిదేశం) చెందిన వ్యక్తులు No
50%
శర్మణ్యదేశానికి (జెర్మని) చెందిన వ్యక్తులు Yes
50%
శర్మణ్యదేశానికి (జెర్మని) చెందిన వ్యక్తులు No
50%
ఇటలీకి చెందిన వ్యక్తులు Yes
50%
ఇటలీకి చెందిన వ్యక్తులు Yes
50%
ఇటలీకి చెందిన వ్యక్తులు No
50%
సంయుక్త రాష్ట్రాలకు చెందిన వ్యక్తులు Yes
0%
సంయుక్త రాజ్యానికి చెందిన వ్కక్తులు Yes
0%
పరాసుదేశానికి (ఫ్రెంచిదేశం) చెందిన వ్యక్తులు Yes
0%
శర్మణ్యదేశానికి (జెర్మని) చెందిన వ్యక్తులు Yes
0%
ఇటలీకి చెందిన వ్యక్తులు No
0%
ఇటలీకి చెందిన వ్యక్తులు Yes
0%
No matching quizzes found
Score Distribution
Percent of People with Each Score
Percentile by Number Answered
Your Score History
You have not taken this quiz